000 00991nam a2200277Ia 4500
001 Z_341
003 CHAP
008 220113s1983 xx 000 0 und d
010 _a163317
040 _cCHAP
090 _aTesis C 208
100 _aCastrejón Miranda, Javier
_920298
245 _aEfecto de la temperatura ambiental en la presentación del síndrome MMA (mastitis, metritis, agalactea) y evaluación de diferentes tratamientos a las cerdas y sus camadas /
_cpor Javier Castrejón Miranda y José Valente Hernández Martínez
260 _aChapingo, Méx. :
_bEl autor,
_c1983
300 _a74 h.
502 _aTesis (Ing. Agrónomo Esp. en Zootecnia) -- UACH. Departamento de Zootecnia
650 _aGanado porcino
_xEnfermedades
_945360
650 _aTemperatura
_xEfecto en ganado porcino
_9112196
700 _aI. Hernández Martínez, José Valente
_9137587
901 _aTESIS C 208
902 _aM
910 _a1983
942 _c2
942 _c2
999 _c163317
_d163317